000 03103nab a2200373 i 4500
003 BR-BrBNA
005 20260121092929.0
008 260121b2024 bl.tr|pooa||| 00| 0 por |
040 _aBR-BrBNA
_bpor
072 _aL73
_b5214
072 _aL70
_b5240
072 _bSilveira, Simone
100 _aMolossi, Franciéli A.
100 _aBalzan, Cláudia
100 _aMaba, Maristela D.
100 _aBaumbach, Leticia F.
100 _aChitolina, Maysa B.
100 _aCanal, Cláudio W.
100 _aCamillo, Giovana
245 _aFebre catarral maligna em bovino leiteiro no Oeste Catarinense, Brasil
500 _a Publicação online; 9 ref.; 2 illus.; Summaries (En, Pt)
520 _a Resumo – O presente artigo relata um caso de febre catarral maligna (FCM), causada pelo herpesvírus ovino tipo 2 (OvHV-2), ocorrida em um bovino em uma propriedade leiteira do Oeste Catarinense em 2023. O animal apresentou sinais clínicos típicos da doença e para o diagnóstico foi realizado histopatológico, reação em cadeia da polimerase (PCR) e sequenciamento de DNA. Esse artigo ressalta a importância dos rebanhos ovinos e bovinos serem mantidos separados a fim evitar a transmissão de patógenos entre essas duas espécies animais. Ademais, esse relato reforça a necessidade da realização de diagnóstico laboratorial para confirmação de suspeitas clínicas a fim de se obter um diagnóstico preciso e uma prevenção/controle assertivos das doenças infectocontagiosas que acometem bovinos. Termos para indexação: Herpesvírus ovino; Ovinos; Diagnóstico laboratorial; Biosseguridade
520 _a Abstract – The present study reports a case of malignant catarrhal fever (MCF), caused by the ovine hespesvirus type 2 (OvHV-2), in a cattle on a dairy farm in western Santa Catarina in 2023. The animal presented typical clinical signs of the MCF, and for diagnosis, histopathological examination, polymerase chain reaction (PCR) technique and DNA sequencing were performed. This study highlights the importance of keeping ovine and bovine herds separated in order to prevent the transmission of pathogens between these two animal species. Furthermore, this report reinforces the need for laboratory diagnosis to confirm clinical suspicions in order to obtain accurate diagnosis and effective prevention/control of infectious diseases affecting cattle. Index terms: Ovine herpesvirus; Sheep; Laboratory diagnosis biosecurity
650 _aGADO LEITEIRO
650 _aDOENÇA ANIMAL
650 _aFEBRE CATARRAL
650 _aVÍRUS
650 _aOVINO
650 _aVETERINÁRIA
773 0 _01813
_9359867
_dFlorianópolis-SC Empresa de Pesquisa Agropecuária e Extensão Rural de Santa Catarina 1988-
_o2026-0257
_tAgropecuária Catarinense (Brazil)
_x0103-0779
_gv. 37(2) p. 29-31; (2024)
_wBR2025005473
856 _uhttps://publicacoes.epagri.sc.gov.br/rac/article/view/1818/1712
942 _cANA
999 _c339878
_d339878